=LDR 00000nam 2200000 4500 =001 INLIS000000000060917 =005 20220406075511 =035 ##$$a 0010-0422000042 =007 ta =008 220406###########################0#ind## =020 ##$$a 978-602-5912-56-6 =082 ##$$a 028.5 =084 ##$$a 028.5 Rat r =100 #$$a Ratri Gunariyanti =245 1#$$a Rara /$c Ratri Gunariyanti =260 ##$$a Yogyakarta :$b Pustaka Anak,$c 2020 =300 ##$$a viii, 70 hlm. ; $c 21cm =650 #4$$a Bacaan Anak-Anak =990 ##$$a 17251725 =990 ##$$a 17251725 =990 ##$$a 17251725 =990 ##$$a 17251725